|
|
|
|
| LEADER |
00000nam0a2200000 4500 |
| 001 |
307109 |
| 005 |
20231102001948.0 |
| 020 |
|
|
|a RU
|b 83-63757
|
| 035 |
|
|
|a (RuTPU)RU\TPU\book\332402
|
| 090 |
|
|
|a 307109
|
| 100 |
|
|
|a 20151015d1983 k y0rusy5003 ca
|
| 101 |
0 |
|
|a rus
|
| 102 |
|
|
|a KG
|
| 105 |
|
|
|a a z 001zy
|
| 200 |
1 |
|
|a Устойчивость горных склонов и подземных обнажений
|e сборник статей
|f Академия наук Киргизской ССР (АН КиргССР), Институт физики и механики горных пород ; под ред. И. Т. Айтматова
|
| 210 |
|
|
|a Фрунзе
|c Илим
|d 1983
|
| 215 |
|
|
|a 142 с.
|c ил.
|
| 320 |
|
|
|a Библиография в конце статей
|
| 606 |
1 |
|
|a Сопротивление грунтов
|2 stltpush
|3 (RuTPU)RU\TPU\subj\55553
|9 73566
|
| 606 |
1 |
|
|a Горные породы
|x Устойчивость
|2 stltpush
|3 (RuTPU)RU\TPU\subj\7976
|9 35479
|
| 610 |
1 |
|
|a склоны
|
| 610 |
1 |
|
|a горные выработки
|
| 610 |
1 |
|
|a подземные обнажения
|
| 610 |
1 |
|
|a напряженно-деформированное состояние
|
| 610 |
1 |
|
|a горное давление
|
| 610 |
1 |
|
|a контроль
|
| 675 |
|
|
|a 624.131.53
|z rus
|v 4
|
| 675 |
|
|
|a 622.281
|z rus
|v 4
|
| 702 |
|
1 |
|a Айтматов
|b И. Т.
|g Ильгиз Торокулович
|4 340
|
| 712 |
0 |
2 |
|a Академия наук Киргизской ССР (АН КиргССР)
|b Институт физики и механики горных пород
|2 stltpush
|3 (RuTPU)RU\TPU\col\12429
|
| 801 |
|
0 |
|a RU
|b RuMRKP
|c 19950704
|g psbo
|
| 801 |
|
1 |
|a RU
|b 63413507
|c 20151015
|
| 801 |
|
2 |
|a RU
|b 63413507
|c 20171011
|g RCR
|
| 942 |
|
|
|c BK
|